000 00503nam a22001937a 4500
005 20260515114942.0
008 230406b ||||| |||| 00| 0 eng d
020 _a9788124401859
040 _aIN-DiNC
_cIN-DiNC
041 _dasm
082 _a820
_bSAR
100 _aSarma, Haridatta
_eauthor
245 _aIngraji sahityar kahini/
_cby Haridatta Sarma
250 _a2nd ed.
260 _aGuwahati:
_bChandra prakash,
_c2011.
300 _a104p.
650 _aEnglish literature
942 _2ddc
_cBK
999 _c11511
_d11511